Представление документа в формате MARC21

Поле Инд. ПП Название Значение
Тип записи a
Библиографический уровень m
001 _ Контрольный номер RU/URAIT/481857
005 _ Дата корректировки 20250915104108.9
008 Кодируемые данные 210922s2021 RU y f j 000 0 rus u
020 a ISBN 978-5-534-14779-7
c Цена, тираж 1679.00
040 a Служба первич. каталог. ИКО Юрайт
c Служба, преобразующая запись ИКО Юрайт
e Правила каталог. RCR
041 a Код языка текста rus
044 a Код страны публикации RU
080 a Индекс УДК 34(075.8)
084 2 Источник индекса rubbk
a Индекс другой классификации/Индекс ББК 67я73
100 1_ a Автор Морозов Сергей Юрьевич
q Полное имя Сергей Юрьевич
245 a Заглавие Предпринимательское право
b Продолж. заглавия Учебник для вузов
c Ответственность под ред. Морозова С.Ю.
256 a Характеристики компьютерного файла Электрон. дан.
260 a Место издания Москва
b Издательство Юрайт
c Дата издания 2021
300 a Объем 569 с
440 a Серия Высшее образование
500 a Примечание URL: https://urait.ru/bcode/481857 (дата обращения: 23.11.2021).
520 a Аннотация Курс содержит системное изложение материала учебной дисциплины «Предпринимательское право». В курсе проанализированы такие концептуальные категории, как понятие предпринимательского права, саморегулирование предпринимательской деятельности, правовой режим имущества субъектов предпринимательской деятельности, общие положения о субъектах предпринимательства, государственное регулирование предпринимательской деятельности, договоры в сфере предпринимательской деятельности. Курс подготовлен в рамках гранта Минобрнауки Российской Федерации по созданию онлайн курсов. Соответствует актуальным требованиям федерального государственного образовательного стандарта высшего образования. Курс предназначен не только для студентов, обучающихся по направлению «юриспруденция», но и для бакалавров, осваивающих неюридические специальности и направления подготовки в целях формирования универсальных компетенций в рамках курса «Основы предпринимательского права».
538 a Прим. о системных особенностях Режим доступа: Электронно-библиотечная система Юрайт, для авториз. пользователей
653 a Ключевые слова Предпринимательское и коммерческое право
653 a Ключевые слова Право. Юриспруденция.
653 a Ключевые слова Предпринимательское право
653 a Ключевые слова Основы предпринимательского права
700 1_ a Другие авторы Барков Алексей Владимирович
q Полное имя Алексей Владимирович
700 1_ a Другие авторы Белая Олеся Валерьевна
q Полное имя Олеся Валерьевна
700 1_ a Другие авторы Боровинская Нина Анатольевна
q Полное имя Нина Анатольевна
700 1_ a Другие авторы Волков Александр Викторович
q Полное имя Александр Викторович
700 1_ a Другие авторы Карпеев Олег Владимирович
q Полное имя Олег Владимирович
700 1_ a Другие авторы Кузьмина Ирина Константиновна
q Полное имя Ирина Константиновна
700 1_ a Другие авторы Кулаков Владимир Викторович
q Полное имя Владимир Викторович
700 1_ a Другие авторы Лукьяненко Владимир Евгеньевич
q Полное имя Владимир Евгеньевич
700 1_ a Другие авторы Нагорная Татьяна Сергеевна
q Полное имя Татьяна Сергеевна
700 1_ a Другие авторы Серова Ольга Александровна
q Полное имя Ольга Александровна
700 1_ a Другие авторы Яшнова Светлана Георгиевна
q Полное имя Светлана Георгиевна
700 1_ a Другие авторы Левушкин Анатолий Николаевич
q Полное имя Анатолий Николаевич
700 1_ a Другие авторы Лескова Юлия Геннадьевна
q Полное имя Юлия Геннадьевна
856 40 u URL https://urait.ru/bcode/481857
x Примечание для ЭОР https://urait.ru/book/cover/E817EE10-31F9-4E7F-BB8D-E257F9F5864A
z Примечание для пользователя Участвует в КО
856 41 u URL https://urait.ru/book/cover/E817EE10-31F9-4E7F-BB8D-E257F9F5864A